| 000 | 00472cam a2200181ua 4500 | ||
|---|---|---|---|
| 003 | OSt | ||
| 008 | 250823b |||||||| |||| 00| 0 eng d | ||
| 020 | _a81-20u- 0725-3 | ||
| 041 | _aeng | ||
| 082 |
_a627.8 _bSHA/TE |
||
| 100 | _aSharma, R.K . | ||
| 245 | _aText book of Irrigation engineering : Vol 2 Dam engineering / | ||
| 250 | _a1 / | ||
| 260 |
_a : _bOxford & IBH Publishing company , _c1992. |
||
| 300 | _a356 ; . | ||
| 700 | 1 | _aSharma, T.K . | |
| 942 | _cBK | ||
| 999 |
_c1821 _d1821 |
||